Código Penal de la República de Chile
Gardado en:
| Autor Principal: | |
|---|---|
| Formato: | Libro |
| Idioma: | Lingua castelá |
| Publicado: |
Santiago
P. Cadot
1883
|
| Subjects: | |
| Tags: |
Engadir etiqueta
Sen Etiquetas, Sexa o primeiro en etiquetar este rexistro!
|
MARC
| LEADER | 00000nam a2200000 a 4500 | ||
|---|---|---|---|
| 001 | UCS0206 | ||
| 003 | CL-VaPUC | ||
| 008 | 970418e18830000CL |||||||||||||||||spa|d | ||
| 082 | 0 | 4 | |a 345.83 |b VER |2 21 |
| 100 | 0 | |a Vera, Robustiano |e author |9 383408 | |
| 245 | 1 | 0 | |a Código Penal de la República de Chile |
| 300 | |a 833 p | ||
| 942 | |c BK | ||
| 945 | |d 19970418 00:00:00 |a paguirre | ||
| 260 | |a Santiago |b P. Cadot |c 1883 | ||
| 650 | 0 | |a Códigos |9 352314 | |
| 650 | 7 | |a DERECHO PENAL |2 CL-VaPUC |9 11 | |
| 650 | 0 | |a Delitos |9 224143 | |
| 650 | 7 | |a DELITOS CONTRA LAS PERSONAS |2 CL-VaPUC |9 256124 | |
| 650 | 7 | |a DELITOS CONTRA LA SEGURIDAD DEL ESTADO |2 CL-VaPUC |9 383409 | |
| 650 | 0 | |a Responsabilidad penal |9 254899 | |
| 650 | 7 | |a CRIMINALES |2 CL-VaPUC |9 322996 | |
| 650 | 7 | |a HOMICIDIO |2 CL-VaPUC |9 336529 | |
| 650 | 0 | |a Asesinatos |9 401043 | |
| 651 | 7 | |a CHILE |2 CL-VaPUC |9 383410 | |
| 583 | |a last modification |c 19970418 00:00:00 |k Rodrigo Vera | ||
| 999 | |c 258447 |d 258445 | ||
| 952 | |0 0 |1 0 |2 ddc |4 0 |6 345_830000000000000_VER_1883 |7 1 |8 C_LRYV |9 282550 |a FDOBRV |b BIBDER |d 2019-11-19 |i 1831860 |l 1 |o 345.83 VER 1883 |p 1831860 |r 2025-04-04 |s 2025-04-04 |w 2019-11-19 |y BK_X |k BRV | ||